Indian ways of Silk: (Record no. 11783)

MARC details
000 -LEADER
fixed length control field 00658nam a22002177a 4500
005 - DATE AND TIME OF LATEST TRANSACTION
control field 20240302105837.0
008 - FIXED-LENGTH DATA ELEMENTS--GENERAL INFORMATION
fixed length control field 240302b ||||| |||| 00| 0 eng d
020 ## - INTERNATIONAL STANDARD BOOK NUMBER
International Standard Book Number 9789381139790
040 ## - CATALOGING SOURCE
Original cataloging agency IN-DiNC
Transcribing agency IN-DiNC
041 ## - LANGUAGE CODE
Language code of sung or spoken text English
082 ## - DEWEY DECIMAL CLASSIFICATION NUMBER
Classification number 677.39
Item number ZET
100 ## - MAIN ENTRY--PERSONAL NAME
Personal name Zethner, Ole
Relator term Author
245 ## - TITLE STATEMENT
Title Indian ways of Silk:
Remainder of title Precious threads of bridging India's past, present and future/
Statement of responsibility, etc. by Ole Zethner, Rie Koustrup and Dilip Barooah
250 ## - EDITION STATEMENT
Edition statement 2nd ed.
260 ## - PUBLICATION, DISTRIBUTION, ETC.
Place of publication, distribution, etc. Guwahati:
Name of publisher, distributor, etc. Bhabani books,
Date of publication, distribution, etc. 2014.
300 ## - PHYSICAL DESCRIPTION
Extent 128p.
650 ## - SUBJECT ADDED ENTRY--TOPICAL TERM
Topical term or geographic name entry element Sericulture
700 ## - ADDED ENTRY--PERSONAL NAME
Personal name Koustrup, Rie
Relator term Author
700 ## - ADDED ENTRY--PERSONAL NAME
Personal name Barooah, Dilip
Relator term Author
942 ## - ADDED ENTRY ELEMENTS (KOHA)
Source of classification or shelving scheme Dewey Decimal Classification
Koha item type Books
Holdings
Withdrawn status Lost status Source of classification or shelving scheme Damaged status Not for loan Collection code Home library Current library Shelving location Date acquired Cost, normal purchase price Total Checkouts Full call number Barcode Date last seen Date last checked out Copy number Price effective from Koha item type
    Dewey Decimal Classification     General Collection Central Library, Naharkatiya College Central Library, Naharkatiya College General Stacks 02/03/2024 800.00 3 677.39 ZET 25247 12/04/2024 10/04/2024 1 02/03/2024 Books

Naharkatiya College © 2020. All rights reserved.

Powered By